| 000 -ლიდერი |
| ფიქსირებული სიგრძის საკონტროლო ველი |
01213nam a22002297a 4500 |
| 003 - საკონტროლო ნომრის იდენტიფიკატორი |
| საკონტროლო ველი |
Ge_BSU |
| 005 - ბოლო ოპერაციის თარიღი და დრო |
| საკონტროლო ველი |
20230614124248.0 |
| 008 - ფიქსირებული სიგრძის მონაცემთა ელემენტები - ზოგადი ინფორმაცია |
| ფიქსირებული სიგრძის საკონტროლო ველი |
230529s1996 ge ||||| |||| 00| 0 geo d |
| 041 ## - ენის კოდი |
| Language code of text/sound track or separate title |
geo |
| 080 ## - უნივერსალური ათობითი კლასიფიკაციის ინდექსი |
| Universal Decimal Classification number |
75.041.5 დ-91 |
| 100 ## - მთავარი ჩანაწერი - პიროვნების სახელი |
| Personal name |
დუნდუა, თედო |
| 9 (RLIN) |
3483 |
| 245 ## - ცნობა სათაურის შესახებ |
| Title |
ციკლური დიალექტიკა, სახვითი ხელოვნება და თემის კატეგორია = The cyclic dialectics, the fine arts and a category of the theme / |
| Statement of responsibility, etc |
თედო დუნდუა, ნინო სილაგაძე; რედ. გ. დუნდუა. |
| 264 ## - წარმოების, გამოცემის, დისტრიბუციის და სხვა ცნობები |
| გამოცემის, წარმოების, დისტრიბუციის... ადგილი |
თბილისი : |
| გამოცემის, წარმოების, დისტრიბუციის... სახელწოდება |
მერიდიანი, |
| გამოცემის, წარმოების, დისტრიბუციის... თარიღი |
1996. |
| 300 ## - ფიზიკური აღწერა |
| Extent |
48 გვ. ; |
| Other physical details |
20 სმ. |
| 500 ## - ზოგადი შენიშვნა |
| General note |
ტექსტი ქართ., ინგლ. და რუს. |
| 501 ## - შენიშვნა თანმხლებ მასალაზე |
| With note |
ტაბულები: გვ. 11-47. |
| 653 ## - INDEX TERM--UNCONTROLLED |
| Uncontrolled term |
პორტრეტული ექსპრესიონიზმი |
| 653 ## - INDEX TERM--UNCONTROLLED |
| Uncontrolled term |
ციკლური დიალექტიკა |
| 700 ## - ADDED ENTRY--PERSONAL NAME |
| Personal name |
სილაგაძე, ნინო |
| Relator term |
ავტორი |
| 9 (RLIN) |
18257 |
| 700 ## - ADDED ENTRY--PERSONAL NAME |
| Personal name |
დუნდუა, გ. |
| Relator term |
რედაქტორი |
| 9 (RLIN) |
18258 |
| 942 ## - ADDED ENTRY ELEMENTS (KOHA) |
| Source of classification or shelving scheme |
|
| Koha item type |
წიგნი |